R v Bridgend County Borough Council ex p Island Farm Development Ltd (Record no. 77806)
[ view plain ]
| 000 -LEADER | |
|---|---|
| fixed length control field | 02056cab a2200229 4500 |
| 001 - CONTROL NUMBER | |
| control field | ##L135152 |
| 008 - FIXED-LENGTH DATA ELEMENTS--GENERAL INFORMATION | |
| fixed length control field | 061002n2006 000 0 eng u |
| 035 ## - SYSTEM CONTROL NUMBER | |
| System control number | (Sirsi) u135152 |
| 041 0# - LANGUAGE CODE | |
| Language code of text/sound track or separate title | eng |
| 245 00 - TITLE STATEMENT | |
| Title | R v Bridgend County Borough Council ex p Island Farm Development Ltd |
| 260 ## - PUBLICATION, DISTRIBUTION, ETC. | |
| Date of publication, distribution, etc. | 2006 |
| 520 ## - SUMMARY, ETC. | |
| Summary, etc. | [2006] EWHC 2189 (Admin), 25 August 2006. Considers whether a local authority's decision not to sell land to a developer was vitiated by predetermination and bias. I sought to purchase from B a site earmarked for employment usage which adjoined land it had permission to develop in order to facilitate its development plans. Both parties entered into negotiations but no agreement was reached before upcoming local elections took place. The new administration froze all sales of land pending review which determined not sell the land to I so as to preserve future employment opportunities. I contended that B's decision not to sell had not been made on the merits of the case and was predetermined and biased: B had opposed the instant development in its election manifesto and some councillors had been involved with local actions groups against the development. "Held": application refused. B had considered all relevant matters without preconception and councillors were entitled to apply policies that formed part of an election manifesto. B had not acted irrationally in following the review's advice which was consistent, did not contain errors of act or material omissions. |
| 590 ## - LOCAL NOTE (RLIN) | |
| Local note | IKA031006 |
| 650 24 - SUBJECT ADDED ENTRY--TOPICAL TERM | |
| Topical term or geographic name entry element | R V BRIDGEND COUNTY BC EX P ISLAND FARM DEVELOPMENT LTD |
| 650 24 - SUBJECT ADDED ENTRY--TOPICAL TERM | |
| Topical term or geographic name entry element | R V BURY SCHOOL ORGANISATION COMMITTEE EX P LOUDEN |
| 650 24 - SUBJECT ADDED ENTRY--TOPICAL TERM | |
| Topical term or geographic name entry element | R V WALTHAM FOREST LBC EX P BAXTER |
| 650 24 - SUBJECT ADDED ENTRY--TOPICAL TERM | |
| Topical term or geographic name entry element | R V AMBER VALLEY DC EX P JACKSON |
| 651 #4 - SUBJECT ADDED ENTRY--GEOGRAPHIC NAME | |
| Geographic name | England and Wales |
| Chronological subdivision | 1543- |
| 690 ## - LOCAL SUBJECT ADDED ENTRY--TOPICAL TERM (OCLC, RLIN) | |
| Topical term or geographic name as entry element | ENVIRONMENTAL AND LAND CONSULTANCY-PLANNING AND DEVELOPMENT-DEVELOPMENT CONTROL-PLANNING APPLICATIONS |
| 856 40 - ELECTRONIC LOCATION AND ACCESS | |
| Uniform Resource Identifier | <a href="https://www.bailii.org/ew/cases/EWHC/Admin/2006/2189.html">https://www.bailii.org/ew/cases/EWHC/Admin/2006/2189.html</a> |
| Public note | View the judgment free of charge at www.bailii.org... |
| 942 ## - ADDED ENTRY ELEMENTS (KOHA) | |
| Suppress in OPAC | 0 |
| Withdrawn status | Lost status | Source of classification or shelving scheme | Damaged status | Not for loan | Home library | Current library | Shelving location | Date acquired | Total Checkouts | Full call number | Barcode | Date last seen | Copy number | Price effective from | Koha item type |
|---|---|---|---|---|---|---|---|---|---|---|---|---|---|---|---|
| Dewey Decimal Classification | Virtual | Virtual | Online | 02/10/2006 | ONLINE JUDGMENT | 135152-2001 | 06/08/2019 | 1 | 06/08/2019 | Law report |